000 00765nam a22002537a 4500
005 20170123162323.0
010 _a963592
020 _c10.00
035 _a963592
037 _bCen Lib/Ret
040 _aDPL
_bUR
082 _aن
_b ح م ی
100 _aحمیدہ جبیں
_9117979
245 _aراستے /
_cحمیدہ جبیں
246 _aRaste /
_bby Hameeda Jabeen
260 _b ادبی دنیا
_aدهلی
_c1979
270 _a ٣١٠٨، گلی عزیزکچہ پنڈت لال کان کون
_bدهلی
_e110002
300 _a192p.
_c18cm(Hb)
650 _aاوردو ادب
_9108872
650 _aاوردو ناول
_9509
650 _aUrdu literature
_9117980
650 _aUrdu novel
_9117981
942 _2ddc
_cUR
_hن
_m ح م ی
999 _c107214
_d107214